• 首页
  • 本馆介绍
  • 公告通知
  • 最新文献
  • 馆藏检索
  • 电子资源
  • 读者导购
  • 参考咨询
  • 我的图书馆
  • 登录
  • 详细信息显示
  • 放入我的书架
  • 预约/预借图书
  • 作者相关作品
  • 分类相关作品
  • 丛书相关作品
  • 出版社相关作品

书目信息

  • 表格格式
  • 工作单格式
  • 卡片格式
题名:
建筑法规概论
    
 
作者: 陈东佐 主编
分册:  
出版信息: 北京   中国建筑工业出版社  2005
页数: 289页
开本: 26cm
丛书名:
单 册:
中图分类: D922.297.1
科图分类:
主题词: 建筑法--中国--高等教育--教材
电子资源:
ISBN: 978-7-112-07150-0
000 00871nam0 2200241 450-
001 0101119889
005 20050609140446.0
010    @a978-7-112-07150-0@dCNY26.00
100    @a20050413d2005 em y0chiy0120 ea
101 0  @achi
102    @aCN@b110000
105    @ay z 000yy
106    @ar
200 1  @a建筑法规概论@9Jian Zhu Fa Gui Gai Lun @f陈东佐主编@b专著
210    @a北京@c中国建筑工业出版社@d2005
215    @a289页@d26cm
300    @a普通高等教育“十五”国家级规划教材 全国高职高专教育土建类专业教学指导委员会规划推荐教材
330    @a本书对工程建设项目的程序与管理、建筑工程合同、工程建设监理、建筑安全生产、建筑工程质量管理、建筑法律责任等法律问题进行了系统的阐述。
606 0  @a建筑法@y中国@x高等教育@j教材
690    @aD922.297.1@v4
701  0 @a陈东佐@4主编@9chen dong zuo
801  0 @aCN@bAZmarc@c20230901
905    @aBZT@dD922@e234@f2@sD922/234
    
    建筑法规概论/陈东佐主编.-北京:中国建筑工业出版社,2005
    289页;26cm
    普通高等教育“十五”国家级规划教材 全国高职高专教育土建类专业教学指导委员会规划推荐教材
    
    ISBN 978-7-112-07150-0:CNY26.00
    本书对工程建设项目的程序与管理、建筑工程合同、工程建设监理、建筑安全生产、建筑工程质量管理、建筑法律责任等法律问题进行了系统的阐述。
●
相关链接 在五车中查询图书 在当当中查询图书 在豆瓣中查询图书


正题名:建筑法规概论     索取号:D922/234         预约/预借

序号 登录号 条形码 馆藏地/架位号 状态 备注
1 2000014664   2000014664   旧书回溯/ [索取号:D922/234] 在馆    
2 2000014665   2000014665   旧书回溯/ [索取号:D922/234] 在馆    
山东省滨州职业学院图书馆 欢迎您!
大连网信软件有限公司© 版权所有